LEADER 00830nam0-2200313-i-450- 001 990008460520403321 005 20070201100406.0 010 $a88-15-10779-7 035 $a000846052 035 $aFED01000846052 035 $a(Aleph)000846052FED01 035 $a000846052 100 $a20070131d2005----km-y0itay50------ba 101 0 $aita 102 $aIT 105 $a--------001yy 200 1 $a<>estetica del barocco$bJon R. Snyder 210 $aBologna$cIl Mulino$d©2005 215 $a186 p.$d21 cm 610 0 $aBarocco$aPrincipi estetici 676 $a709.032 700 1$aSnyder,$bJon R.$0298299 801 0$aIT$bUNINA$gRICA$2UNIMARC 901 $aBK 912 $a990008460520403321 952 $a709.032 SNY 1$bBibl.55099$fFLFBC 959 $aFLFBC 996 $aEstetica del barocco$9729399 997 $aUNINA LEADER 01437nam0M2200349--I450- 001 990002419720203316 005 20091112093113.0 035 $a000241972 035 $aUSA01000241972 035 $a(ALEPH)000241972USA01 035 $a000241972 100 $a20050512d1996----||itac01 ba 101 $aeng 102 $aUS 105 $ay|||z|||001yy 200 1 $aMultilateral trade agreements subject to the WTO dispute settlement understanding (DSU) and additional international agreements on civil aircraft, government procurement, dairy, and bovine meat$fFrank Warren Swacker, Kenneth Robert Redden, Larry B. Wenger 210 $aCharlottesville$cMichie$d1996 215 $aV, 515 p.$d25 cm. 606 0 $aCommercio$xAccordi internazionale 676 $a341.754 700 1$aSWACKER,$bFrank Warren$0572839 701 1$aREDDEN,$bKenneth R.$0244473 701 1$aWENGER,$bLarry B.$0572442 801 0$aIT$bICCU$gISBD$c20040213 912 $a990002419720203316 951 $aXXIII.1.A. 231 (IG VIII 16 ING 1048)$b45930 G.$cXXIII.1.A. 231 (G VIII 16)$d00116707 959 $aBK 969 $aGIU 979 $aCHIARA$b90$c20050512$lUSA01$h1407 979 $aRSIAV2$b90$c20091112$lUSA01$h0931 996 $aMultilateral trade agreements subject to the WTO dispute settlement understanding (DSU) and additional international agreements on civil aircraft, government procurement, dairy, and bovine meat$91065739 997 $aUNISA LEADER 01798nas 2200553-a 450 001 9910339522803321 005 20241221111627.0 035 $a(CKB)954921429689 035 $a(CONSER)---95657583- 035 $a(MiFhGG)5DIW 035 $a(EXLCZ)99954921429689 100 $a19950227a19959999 --- a 101 0 $aeng 181 $ctxt$2rdacontent 182 $cc$2rdamedia 183 $acr$2rdacarrier 200 00$aPeople management /$fInstitute of Personnel and Development 210 $aLondon $cPersonnel Publications$d1995- 210 3 $aLondon $cHaymarket Business Media and Haymarket Network 215 $a1 online resource 300 $aRefereed/Peer-reviewed 300 $aTitle from cover. 311 08$aPrint version: People management / (DLC) 95657583 (OCoLC)32053956 1358-6297 517 3 $aPM 531 0 $aPeople manag. 606 $aPersonnel management$vPeriodicals 606 $aPersonnel$xDirection$vPériodiques 606 $aGestion du personnel$2eclas 606 $aPublications périodiques$2eclas 606 $aPersonnel management$2fast$3(OCoLC)fst01058797 606 $aPersoneelsmanagement$2gtt 606 $aTraining$2gtt 608 $aPeriodicals.$2fast 608 $aPeriodicals.$2lcgft 615 0$aPersonnel management 615 6$aPersonnel$xDirection 615 7$aGestion du personnel. 615 7$aPublications périodiques. 615 7$aPersonnel management. 615 17$aPersoneelsmanagement. 615 17$aTraining. 676 $a658.3/005 712 02$aInstitute of Personnel and Development. 712 02$aChartered Institute of Personnel and Development. 906 $aJOURNAL 912 $a9910339522803321 920 $aexl_impl conversion 996 $aPeople management$9976262 997 $aUNINA